000
00317nam a22001337a 4500
020
_a
9789381226612
041
_a
ENG
100
_a
Patil. R.T
245
_a
Proccessing Technology For Food Legumes
260
_a
Delhi
_b
Satish Serial Publishing House
_c
1996
300
_a
674
650
_a
APE
856
_u
APE ( 3 )
999
_c
1681
_d
1681